000 00486nam a2200193Ia 4500
005 20250326143715.0
008 250326s9999 xx 000 0 und d
037 _aTextbook
040 _aFMSL
_beng
_cFMSL
041 _aeng
_2eng
084 _aT48 P5
_qFMSL
100 _aKumar R
245 0 _aResearch methodology
_cKumar R
250 _a2
260 _aIndia
_bIndia, Pearson Education
_c2005
300 _a332p
942 _cTB
_hT48 P5
999 _c1300676
_d1300676